000 00510nam a2200181 i 4500
001 17692
003 ES-MaACL
005 20230906151637.0
007 t|
008 010503s1996 sp ||||1| spa d
080 _a929.52 Barral (Familia)
100 1 _aLinage Conde, Antonio.
_972322
245 1 3 _aLa vuelta de los hermanos Barral /
_cAntonio Linage.
260 _aSepĂșlveda :
_b[s.n.],
_c1996.
300 _a39 p. :
_bil. ;
_c21 cm.
600 1 4 _aBarral (Familia)
_925841
852 _aES-MaACL
_j2163-F-21
999 _c17692
_d17692